Pathologie infantile, (Record no. 38391)
[ view plain ]
| 000 -LEADER | |
|---|---|
| fixed length control field | 00614cam a22002291 4500 |
| 001 - CONTROL NUMBER | |
| control field | med47001742 |
| 003 - CONTROL NUMBER IDENTIFIER | |
| control field | DLC |
| 005 - DATE AND TIME OF LATEST TRANSACTION | |
| control field | 20260227111603.0 |
| 008 - FIXED-LENGTH DATA ELEMENTS--GENERAL INFORMATION | |
| fixed length control field | 811121m19431946xx a 000 0 fre |
| 010 ## - LIBRARY OF CONGRESS CONTROL NUMBER | |
| LC control number | med47001742 |
| 035 ## - SYSTEM CONTROL NUMBER | |
| System control number | (OCoLC)14740106 |
| 040 ## - CATALOGING SOURCE | |
| Original cataloging agency | DLC |
| Transcribing agency | DNLM |
| Modifying agency | DLC |
| 042 ## - AUTHENTICATION CODE | |
| Authentication code | premarc |
| 050 00 - LIBRARY OF CONGRESS CALL NUMBER | |
| Classification number | RJ45 |
| Item number | .D32 |
| 060 0# - NATIONAL LIBRARY OF MEDICINE CALL NUMBER | |
| Classification number | WS 200 |
| Item number | D288p 1943 |
| 100 1# - MAIN ENTRY--PERSONAL NAME | |
| Personal name | Debré, Robert, |
| Dates associated with a name | 1882- |
| 245 10 - TITLE STATEMENT | |
| Title | Pathologie infantile, |
| Statement of responsibility, etc. | par R. Debré, E. Lesné [et] P. Rohmer ... |
| 260 ## - PUBLICATION, DISTRIBUTION, ETC. | |
| Place of publication, distribution, etc. | Paris, |
| Name of publisher, distributor, etc. | Doin, |
| Date of publication, distribution, etc. | 1943-46. |
| 300 ## - PHYSICAL DESCRIPTION | |
| Extent | 2 v. |
| Other physical details | ill. |
| 700 1# - ADDED ENTRY--PERSONAL NAME | |
| Personal name | Lesné, Edmond, |
| Dates associated with a name | 1871- |
| 700 1# - ADDED ENTRY--PERSONAL NAME | |
| Personal name | Rohmer, Paul. |
No items available.